Bummer summer / (Record no. 6463)

MARC details
000 -LEADER
fixed length control field 00902nam a22002897a 4500
001 - CONTROL NUMBER
control field 6463
003 - CONTROL NUMBER IDENTIFIER
control field FISKH
005 - DATE AND TIME OF LATEST TRANSACTION
control field 20250506092010.0
008 - FIXED-LENGTH DATA ELEMENTS--GENERAL INFORMATION
fixed length control field 250506b cb ||||| |||| 00| 0 eng d
020 ## - INTERNATIONAL STANDARD BOOK NUMBER
International Standard Book Number 078073001958
040 ## - CATALOGING SOURCE
Original cataloging agency DLC
Transcribing agency DLC
Modifying agency DLC
Language of cataloging eng
050 ## - LIBRARY OF CONGRESS CALL NUMBER
Classification number PZ7.M3567585 B
082 ## - DEWEY DECIMAL CLASSIFICATION NUMBER
Classification number 813
100 1# - MAIN ENTRY--PERSONAL NAME
Personal name Martin, Ann M.,
Dates associated with a name (1955-)
245 10 - TITLE STATEMENT
Title Bummer summer /
Statement of responsibility, etc. Ann M. Martin.
250 ## - EDITION STATEMENT
Edition statement This edition first published in 1983
260 ## - PUBLICATION, DISTRIBUTION, ETC.
Place of publication, distribution, etc. New York :
Name of publisher, distributor, etc. Scholastic,
Date of publication, distribution, etc. 1983.
300 ## - PHYSICAL DESCRIPTION
Extent 152 pages :
Dimensions 20 cm.
505 ## - FORMATTED CONTENTS NOTE
Formatted contents note J<br/>
520 ## - SUMMARY, ETC.
Summary, etc. When twelve-year-old Kammy has difficulty accepting her new family after her father's remarriage, a summer at Camp Arrowhead helps her to put her home life in perspective.
521 8# - TARGET AUDIENCE NOTE
Target audience note 440<br/>
Source Lexile<br/>
521 8# - TARGET AUDIENCE NOTE
Target audience note J<br/>
Source Raz-Plus<br/>
650 #1 - SUBJECT ADDED ENTRY--TOPICAL TERM
Topical term or geographic name entry element Remarriage
General subdivision Fiction.
650 #1 - SUBJECT ADDED ENTRY--TOPICAL TERM
Topical term or geographic name entry element Camping
General subdivision Fiction.
942 ## - ADDED ENTRY ELEMENTS (KOHA)
Source of classification or shelving scheme Dewey Decimal Classification
Koha item type Books
Suppress in OPAC No
Holdings
Withdrawn status Lost status Source of classification or shelving scheme Damaged status Not for loan Collection Home library Current library Shelving location Date acquired Total Checkouts Full call number Barcode Date last seen Copy number Price effective from Koha item type
    Dewey Decimal Classification     Juvenile Fiction Footprints International School Library Network Toul Tom Poung Campus Footprints International School Library Network Toul Tom Poung Campus TTP Primary Dark Blue Bookshelves 05/06/2025   MAR 813 PZ7.M3567585 B 2025-1148 05/06/2025 1 05/06/2025 Books